书目信息 |
| 题名: |
吉林省基础教育教学成果汇编
|
|
| 作者: | 张茵 , 张翼健 主编 | |
| 分册: | 中学卷 | |
| 出版信息: | 长春 吉林人民出版社 2005 |
|
| 页数: | 531页 | |
| 开本: | 21cm | |
| 丛书名: | ||
| 单 册: | ||
| 中图分类: | G420 | |
| 科图分类: | ||
| 主题词: | 教学改革--中学--文集 , 教学改革 | |
| 电子资源: | ||
| ISBN: | 7-206-03244-3 | |
| 000 | 00891nam0 2200265 45 | |
| 001 | 0120060110801 | |
| 005 | 20070707102549.04 | |
| 010 | @a7-206-03244-3@dCNY42.50 | |
| 092 | @aCN@b158564 | |
| 100 | @a20061108d2005 em y0chiy0120 ea | |
| 101 | 0 | @achi |
| 102 | @aCN@b220000 | |
| 105 | @ay z 000yy | |
| 200 | 1 | @a吉林省基础教育教学成果汇编@Aji lin sheng ji chu jiao yu jiao xue cheng guo hui bian@i中学卷@i教改实验篇@f张茵,张翼健主编@Fzhang yin, zhang yi jian zhu bian |
| 205 | @a2版 | |
| 210 | @a长春@c吉林人民出版社@d2005 | |
| 215 | @a531页@d21cm | |
| 330 | @a本书主要收录了语文教育与人的发展、中小学现代科技教育研究、语文教学为农村两个文明建设服务等。 | |
| 606 | 0 | @a教学改革@x中学@j文集 |
| 606 | 0 | @a教学改革 |
| 690 | @aG420 | |
| 701 | 0 | @a张茵@Azhang yin@4主编 |
| 701 | 0 | @a张翼健@Azhang yi jian@4主编 |
| 801 | 0 | @aCN@bLZJBOOK@c20070707 |
| 905 | @a10447@dG420@e168=2 | |
| 吉林省基础教育教学成果汇编.中学卷.教改实验篇/张茵,张翼健主编.-2版.-长春:吉林人民出版社,2005 |
| 531页;21cm |
| ISBN 7-206-03244-3:CNY42.50 |
| 本书主要收录了语文教育与人的发展、中小学现代科技教育研究、语文教学为农村两个文明建设服务等。 |
| ● |
| 相关链接 |
|
|
|
|
正题名:吉林省基础教育教学成果汇编
索取号:G420/168=2
 
预约/预借
| 序号 | 登录号 | 条形码 | 馆藏地/架位号 | 状态 | 备注 |
| 1 | 0564692 | 205646924 | 第一样本阅览室/ [索取号:G420/168=2] | 在馆 | |
| 2 | 0564693 | 205646933 | 第四借阅区/ [索取号:G420/168=2] | 在馆 | |
| 3 | 0564694 | 205646942 | 第四借阅区/ [索取号:G420/168=2] | 在馆 | |
| 4 | 0564695 | 205646951 | 第四借阅区/ [索取号:G420/168=2] | 在馆 | |
| 5 | 0564696 | 205646960 | 第四借阅区/ [索取号:G420/168=2] | 在馆 | |
| 6 | 0564697 | 205646979 | 第四借阅区/ [索取号:G420/168=2] | 在馆 |